<?xml version="1.0" encoding="UTF-8"?>
<marc:record xmlns:marc="http://www.loc.gov/MARC21/slim">
   <marc:leader>00000nam a2200000 a 4500</marc:leader>
   <marc:datafield ind1="1" ind2=" " tag="100">
      <marc:subfield code="a">Bussi, Michel</marc:subfield>
      <marc:subfield code="4">aut</marc:subfield>
      <marc:subfield code="e">Verfasser/-in</marc:subfield>
   </marc:datafield>
   <marc:datafield ind1="0" ind2="0" tag="245">
      <marc:subfield code="a">Tage des Zorns</marc:subfield>
   </marc:datafield>
   <marc:datafield ind1="0" ind2="0" tag="245">
      <marc:subfield code="b">Thriller</marc:subfield>
   </marc:datafield>
   <marc:datafield ind1="0" ind2="0" tag="245">
      <marc:subfield code="c">Michel Bussi</marc:subfield>
   </marc:datafield>
   <marc:datafield ind1=" " ind2="1" tag="264">
      <marc:subfield code="a">Berlin</marc:subfield>
      <marc:subfield code="b">Aufbau TB</marc:subfield>
      <marc:subfield code="c">2022</marc:subfield>
   </marc:datafield>
   <marc:datafield ind1=" " ind2=" " tag="250">
      <marc:subfield code="a">1. Auflage</marc:subfield>
   </marc:datafield>
   <marc:datafield ind1="1" ind2=" " tag="520">
      <marc:subfield code="a">Angaben aus der Verlagsmeldung

Tage des Zorns : Thriller On la trouvait plutôt jolie / von Michel Bussi

Eines Morgens wird François Valioni, Chef einer renommierten Flüchtlingsorganisation, tot aufgefunden, verblutet in einem Hotelzimmer, beobachtet von einer ganzen Reihe Überwachungskameras. Unmöglich, dass sein Mörder dies nicht gewusst hat. Oder war es etwa Absicht? Kommissar Petar Velika steht vor einem Rätsel, zumal alles darauf hindeutet, dass dieser brutale Mord von einer jungen Frau namens Bamby begangen wurde. Aber warum sollte sie ausgerechnet den Mann töten, der ihrer Mutter bei ihrer Flucht geholfen hat?
</marc:subfield>
   </marc:datafield>
   <marc:datafield ind1=" " ind2=" " tag="020">
      <marc:subfield code="a">9783746638560</marc:subfield>
      <marc:subfield code="9">9783746638560</marc:subfield>
   </marc:datafield>
   <marc:datafield ind1=" " ind2=" " tag="020">
      <marc:subfield code="a">3746638569</marc:subfield>
      <marc:subfield code="9">3746638569</marc:subfield>
   </marc:datafield>
   <marc:datafield ind1=" " ind2=" " tag="041">
      <marc:subfield code="a">ger</marc:subfield>
   </marc:datafield>
   <marc:datafield ind1=" " ind2=" " tag="300">
      <marc:subfield code="a">528 Seiten</marc:subfield>
   </marc:datafield>
</marc:record>
